000 00251nam a22001217a 4500
008 181029b xxu||||| |||| 00| 0 eng d
041 _aeng
080 _a371
100 _a46
101 _aEDU
245 _aKeyMath3
_cConnolly,A.J
942 _2udc
_cBK
999 _c50942
_d50942